Sentence skills : A workbook of writers (Record no. 7458)
[ view plain ]
| 000 -LEADER | |
|---|---|
| fixed length control field | 00823 a2200217 4500 |
| 020 ## - INTERNATIONAL STANDARD BOOK NUMBER | |
| International Standard Book Number | 0072381329 |
| 040 ## - CATALOGING SOURCE | |
| Original cataloging agency | DLC |
| Language of cataloging | English |
| 082 00 - DEWEY DECIMAL CLASSIFICATION NUMBER | |
| Classification number | 428.2 |
| 100 1# - MAIN ENTRY--PERSONAL NAME | |
| Personal name | Langan, John, |
| 245 10 - TITLE STATEMENT | |
| Title | Sentence skills : A workbook of writers |
| Remainder of title | A workbook of writers |
| Statement of responsibility, etc. | John Langan. |
| 250 ## - EDITION STATEMENT | |
| Edition statement | 7th ed. |
| 260 ## - PUBLICATION, DISTRIBUTION, ETC. | |
| Place of publication, distribution, etc. | Boston : |
| Name of publisher, distributor, etc. | McGraw-Hill, |
| Date of publication, distribution, etc. | c2003. |
| 300 ## - PHYSICAL DESCRIPTION | |
| Extent | xvii, 599 p. ; |
| Dimensions | 23 cm. |
| 500 ## - GENERAL NOTE | |
| General note | Includes index. |
| 650 #0 - SUBJECT ADDED ENTRY--TOPICAL TERM | |
| Topical term or geographic name entry element | English language |
| General subdivision | Sentences |
| 650 #0 - SUBJECT ADDED ENTRY--TOPICAL TERM | |
| Topical term or geographic name entry element | English language |
| General subdivision | Grammar |
| 856 41 - ELECTRONIC LOCATION AND ACCESS | |
| Materials specified | Table of contents |
| Uniform Resource Identifier | <a href="http://www.loc.gov/catdir/toc/mh031/2002514446.html">http://www.loc.gov/catdir/toc/mh031/2002514446.html</a> |
| 856 41 - ELECTRONIC LOCATION AND ACCESS | |
| Materials specified | Publisher description |
| Uniform Resource Identifier | <a href="http://www.loc.gov/catdir/description/mh031/2002514446.html">http://www.loc.gov/catdir/description/mh031/2002514446.html</a> |
| 856 41 - ELECTRONIC LOCATION AND ACCESS | |
| Materials specified | Contributor biographical information |
| Uniform Resource Identifier | <a href="http://www.loc.gov/catdir/enhancements/fy0737/2002514446-b.html">http://www.loc.gov/catdir/enhancements/fy0737/2002514446-b.html</a> |
| 942 ## - ADDED ENTRY ELEMENTS (KOHA) | |
| Koha item type | Book |
| Call number prefix | 428.2 LAN |
| Source of classification or shelving scheme | |
| Withdrawn status | Lost status | Damaged status | Not for loan | Collection code | Permanent Location | Current Location | Shelving location | Date acquired | Source of acquisition | Cost, normal purchase price | Total Checkouts | Total Renewals | Full call number | Barcode | Checked out | Date last seen | Date last checked out | Price effective from | Koha item type |
|---|---|---|---|---|---|---|---|---|---|---|---|---|---|---|---|---|---|---|---|
| Central Library (CL) | Central Library (CL) | General Stacks | 05/20/2003 | Allied Book Company | 1181.59 | 2 | 4 | 428.2 LAN | SEECS003425 | 04/29/2026 | 10/20/2025 | 10/20/2025 | 01/05/2017 | Book | |||||
| Central Library (CL) | Central Library (CL) | General Stacks | 05/20/2003 | Allied Book Company | 1181.59 | 1 | 428.2 LAN | SEECS003426 | 10/18/2025 | 10/11/2025 | 01/05/2017 | Book |
